| 000 | 00464pab a2200145 454500 | ||
|---|---|---|---|
| 008 | 180718b2006 xxu||||| |||| 00| 0 eng d | ||
| 100 | _aSvara, James H. | ||
| 245 | _aPoliicians and administrators in the political process - a review of themes and issues in the literature: introduction | ||
| 260 | _c2006 | ||
| 300 | _ap.953-76. | ||
| 650 | _aPoliticians | ||
| 650 | _aCivil service | ||
| 773 | _aInternational Journal of Public Administration | ||
| 909 | _a72046 | ||
| 999 |
_c72046 _d72046 |
||